000
00270 a2200109 4500
005
20250428094026.0
082
_a
657.45 KOV
100
_a
KOVA A . S .
245
_a
International Auditing & Standards
300
_a
236p.: ill.; table,
_b
reference,
_c
30cm.
942
_2
ddc
_c
BKS
999
_c
1692
_d
1692